00994 a2200253 4500003000500000005001700005010001700022020003100039040000900070082001400079100002600093245008500119250001200204260004100216300004900257505011300306538002900419650002300448700002600471942001200497999001900509952010600528952010600634Nust20170207154212.0 a 2011025116 a9780073380575 (alk. paper) cNust00a621.319241 aAlexander, Charles K.10aFundamentals of electric circuits /cCharles K. Alexander, Matthew N. O. Sadiku. a4th ed. aNew York, NY :bMcGraw-Hill,cc2013. axxii, 901p. :bill. (chiefly col.) ;c27 cm. aPart 1:- DC Circuits (Page-2) Part 2:- AC Circuits (Page-369) Part 3:- Advanced Circuit Analysis (Page-674)  aAlmirah No.32 Shelf No.2 0aElectric circuits.1 aSadiku, Matthew N. O. 2ddccBK c194950d194950 00102ddc40708NFICaMCSbMCSd2016-12-12l0o621.31924 ALEpMCS36747r2016-12-08w2016-12-12yBK 00102ddc40708NFICaMCSbMCSd2016-12-12l0o621.31924 ALEpMCS36748r2016-12-08w2016-12-12yBK